书目信息 |
| 题名: |
中学作文指导与批改
|
|
| 作者: | 沈辉 著 | |
| 分册: | ||
| 出版信息: | 上海 上海人民出版社 1978 |
|
| 页数: | 132页 | |
| 开本: | 19cm | |
| 丛书名: | ||
| 单 册: | ||
| 中图分类: | H193.4 | |
| 科图分类: | ||
| 主题词: | 汉语--语言教学 | |
| 电子资源: | ||
| ISBN: | ||
| 000 | 00585nam0 2200229 45 | |
| 001 | 0178004788 | |
| 005 | 20040330161741.6 | |
| 010 | @dCNY0.27 | |
| 091 | @a7150.1933 | |
| 100 | @a19950717d1978 demy0chiy0121 ea | |
| 101 | 0 | @achi |
| 102 | @aCN@b310000 | |
| 105 | @ay z 000yy | |
| 106 | @ar | |
| 200 | 10 | @a中学作文指导与批改@Azhong xue zuo wen zhi dao yu pi gai@f沈辉著 |
| 210 | @a上海@c上海人民出版社@d1978 | |
| 215 | @a132页@d19cm | |
| 606 | 0 | @a汉语@x语言教学 |
| 690 | @aH193.4 | |
| 701 | 0 | @a沈辉@Ashen hui@4著 |
| 801 | 0 | @aCN@bNLC@c20040330 |
| 905 | @f1@b2434@dH193.4@e1 | |
| 中学作文指导与批改/沈辉著.-上海:上海人民出版社,1978 |
| 132页;19cm |
| ISBN :CNY0.27 |
| ● |
| 相关链接 |
|
|
|
|
正题名:中学作文指导与批改
索取号:H193.4/1
 
预约/预借
| 序号 | 登录号 | 条形码 | 馆藏地/架位号 | 状态 | 备注 |
| 1 | 0002434 | 001923618 | 密集书库/ [索取号:H193.4/1] | 在馆 |